000
00351pam a2200157a 44500
008
230515b1979 xxu||||| |||| 00| 0 eng d
020
_a
NULL
041
_a
ENGLISH
082
_a
620.1064 VEZ
100
_a
VEZIROGLU T NAJAT
245
_a
MULTIPHASE TRANSPORT VOL-1
250
_a
1
260
_a
NULL
_b
NA
_c
1979
300
_a
577
650
_a
NULL
999
_c
639843
_d
639843